| 000 | 00406nam a2200181Ia 4500 | ||
|---|---|---|---|
| 005 | 20251020182541.0 | ||
| 008 | 200515s9999 xx 000 0 und d | ||
| 082 | _a741/F82/1975 | ||
| 100 | _aFRENCH, Thomas SVENSEN, Carl | ||
| 245 | 0 | _aDibujo técnico | |
| 260 | _aBarcelona | ||
| 260 | _c1975 | ||
| 300 | _a552 | ||
| 500 | _a1 ejemplar | ||
| 650 | _aDIBUJO TECNICO | ||
| 650 | _aLIB | ||
| 942 | _cLIB | ||
| 999 |
_c2401 _d2401 |
||